Alle Indycar Weltmeister - Statistiken

Allgemein
  • Dieses Quiz wurde 39 mal gespielt
  • Das Durchschnittsergebnis liegt bei 31 aus 115
Antwortstatistiken
Jahr Fahrer Rennserie % Korrekt
1965 Mario Andretti USAC Championship Car
76%
1966 Mario Andretti USAC Championship Car
76%
1969 Mario Andretti USAC Championship Car
76%
1984 Mario Andretti CART Indy Car Series
76%
1991 Michael Andretti CART Indy Car Series
76%
2021 Alex Palou IndyCar Series
71%
1999 Juan Pablo Montoya CART Indy Car Series
71%
2017 Josef Newgarden IndyCar Series
65%
2019 Josef Newgarden IndyCar Series
65%
2014 Will Power IndyCar Series
65%
2022 Will Power IndyCar Series
65%
2003 Scott Dixon IndyCar Series
59%
2008 Scott Dixon IndyCar Series
59%
2013 Scott Dixon IndyCar Series
59%
2015 Scott Dixon IndyCar Series
59%
2018 Scott Dixon IndyCar Series
59%
2020 Scott Dixon IndyCar Series
59%
1989 Emerson Fittipaldi CART Indy Car Series
53%
1997 Alex Zanardi CART Indy Car Series
41%
1998 Alex Zanardi CART Indy Car Series
41%
1970 Al Unser USAC Championship Car
41%
1983 Al Unser CART Indy Car Series
41%
1985 Al Unser CART Indy Car Series
41%
1986 Bobby Rahal CART Indy Car Series
35%
1987 Bobby Rahal CART Indy Car Series
35%
1992 Bobby Rahal CART Indy Car Series
35%
1968 Bobby Unser USAC Championship Car
35%
1974 Bobby Unser USAC Championship Car
35%
1995 Jacques Villeneuve CART Indy Car Series
35%
1960 AJ Foyt USAC Championship Car
29%
1961 AJ Foyt USAC Championship Car
29%
1963 AJ Foyt USAC Championship Car
29%
1964 AJ Foyt USAC Championship Car
29%
1967 AJ Foyt USAC Championship Car
29%
1975 AJ Foyt USAC Championship Car
29%
1979 AJ Foyt USAC Championship Car
29%
1993 Nigel Mansell CART Indy Car Series
29%
1959 Rodger Ward USAC Championship Car
29%
1962 Rodger Ward USAC Championship Car
29%
2012 Ryan Hunter Reay IndyCar Series
29%
2004 Sebastien Bourdais Champ Car World Series
29%
2005 Sebastien Bourdais Champ Car World Series
29%
2006 Sebastien Bourdais Champ Car World Series
29%
2007 Sebastien Bourdais Champ Car World Series
29%
2016 Simon Pagenaud IndyCar Series
29%
2004 Tony Kanaan IndyCar Series
29%
1990 Al Unser Jr CART Indy Car Series
24%
1994 Al Unser Jr CART Indy Car Series
24%
2002 Christiano da Matta CART Indy Car Series
24%
2007 Dario Franchitti IndyCar Series
24%
2009 Dario Franchitti IndyCar Series
24%
2010 Dario Franchitti IndyCar Series
24%
2011 Dario Franchitti IndyCar Series
24%
2000 Gil de Ferran CART Indy Car Series
24%
2001 Gil de Ferran CART Indy Car Series
24%
2001 Sam Hornish Jr Indy Racing League
24%
2002 Sam Hornish Jr Indy Racing League
24%
2006 Sam Hornish Jr IndyCar Series
24%
1946 Ted Horn AAA National Championship
24%
1947 Ted Horn AAA National Championship
24%
1948 Ted Horn AAA National Championship
24%
1997 Tony Stewart Indy Racing League
24%
1905 Barney Oldfield AAA National MotorCar Championship
18%
1988 Danny Sullivan CART Indy Car Series
18%
2005 Dan Wheldon IndyCar Series
18%
1920 Gaston Chevrolet AAA National Championship
18%
1954 Jimmy Bryan AAA National Championship
18%
1956 Jimmy Bryan USAC Championship Car
18%
1957 Jimmy Bryan USAC Championship Car
18%
1998 Kenny Bräck Indy Racing League
18%
1928 Louis Meyer AAA NAtional Championship
18%
1929 Louis Meyer AAA National Championship
18%
1933 Louis Meyer AAA National Championship
18%
2003 Paul Tracy CART Indy Car Series
18%
1979 Rick Mears CART Indy Car Series
18%
1981 Rick Mears CART Indy Car Series
18%
1982 Rick Mears CART Indy Car Series
18%
1951 Tony Bettenhausen AAA National Championship
18%
1958 Tony Bettenhausen USAC Championship Car
18%
1934 Bill Cummings AAA National Championship
12%
1932 Bob Carey AAA National Championship
12%
1955 Bob Sweikert AAA National Championship
12%
2000 Buddy Lazier Indy Racing League
12%
1996 Buzz Calkins Indy Racing League
12%
1952 Chuck Stevenson AAA National Championship
12%
1916 Dario Resta AAA National Championship
12%
1976 Gordon Johncock USAC Championship Car
12%
1999 Greg Ray Indy Racing League
12%
1950 Henry Banks AAA National Championship
12%
1922 Jimmy Murphy AAA National Championship
12%
1924 Jimmy Murphy AAA National Championship
12%
1996 Jimmy Vasser CART Indy Car Series
12%
1980 Johnny Rutherford USAC Championship Car
12%
1980 Johnny Rutherford CART Indy Car Series
12%
1931 Louis Schneider AAA National Championship
12%
1936 Mauri Rose AAA National Championship
12%
1973 Roger McCluskey USAC Championship Car
12%
1953 Sam Hanks AAA National Championship
12%
1977 Tom Sneva USAC Championship Car
12%
1978 Tom Sneva USAC Championship Car
12%
1937 Wilbur Shaw AAA National Championship
12%
1939 Wilbur Shaw AAA National Championship
12%
1930 Billy Arnold AAA National Championship
6%
1923 Eddie Hearne AAA National Championship
6%
1938 Floyd Roberts AAA National Championship
6%
1926 Harry Hartz AAA National Championship
6%
1971 Joe Leonard USAC Championship Car
6%
1972 Joe Leonard USAC Championship Car
6%
1949 Johnnie Parsons AAA National Championship
6%
1935 Kelly Petillo AAA National Championship
6%
1925 Pete dePaolo AAA National Championship
6%
1927 Pete dePaolo AAA National Championship
6%
1940 Rex Mays AAA National Championship
6%
1941 Rex Mays AAA National Championship
6%
1921 Tommy Milton AAA National Championship
6%
Keine übereinstimmenden Quizze gefunden
Verteilung der Resultate
Anzahl Personen mit jedem Resultat
Perzentil nach korrekt beantworteten Fragen
Ihre Resultats-Entwicklung
Sie haben dieses Quiz noch nicht gespielt